000 00767nam a22002537a 4500
001 BR9703006
003 BR-BrBNA
005 20230928095706.0
007 ta
008 230509b bl.||||| |||| 00| 0 por d
040 _aBR-BrBNA
_bpor
_cBiblioteca Nacional de Agricultura
041 _a(Por)
072 _aP01; C20
090 _ P01 BR9703006
100 1 _aManzano, N.T.
110 1 _aEmpresa Brasileira de Pesquisa Agropecuaria, Brasilia, DF (Brasil). Servico de Producao e Informacao
_93868
245 1 _aAssembleia dos bichos; uma fabula sobre o Brasil e seu meio ambiente
260 3 _aBrasilia, DF (Brasil):
_c1997.
300 _a72 p.
650 _aMeio Ambiente
650 _aExtensao Rural
909 _a202309
_bLucia
_c55
_dLucia Elande
942 _cBK
999 _c58119
_d58119